[Event "FIDE-Wch k.o."]
[Site "Moscow"]
[Date "2001.12.03"]
[Round "4.1"]
[White "Ponomariov, Ruslan"]
[Black "Morozevich, Alexander"]
[Result "1-0"]
[WhiteElo "2684"]
[BlackElo "2742"]
[Annotator "Finkel,A"]
[PlyCount "119"]
[EventDate "2001.11.27"]
[EventType "k.o."]
[EventRounds "7"]
[EventCountry "RUS"]
[SourceTitle "CBM 086"]
[Source "ChessBase"]
[SourceDate "2002.02.05"]
[SourceVersion "1"]
[SourceVersionDate "2002.02.05"]
[SourceQuality "1"]

1. e4 e6 2. d4 d5 3. Nc3 Nf6 4. Bg5 dxe4 5. Nxe4 Be7 6. Bxf6 gxf6 7. Nf3 a6 {
Thanks to the efforts of A.Morozevich this variation became very popular and
he is ready to play variation which braught him painful losses in the past
against Leko and Lutz.} (7... Nd7 $5 8. Bd3 c5 9. O-O O-O 10. Qd2 f5 11. Nxc5
Nxc5 12. dxc5 Bf6 $5 $44 {Rogers,I-Short,N/Novi Sad olm 1990}) (7... Qd5 8. Bd3
Bd7 9. O-O Nc6 10. c4 Qh5 11. Ng3 Qg4 12. d5 $14 {Lendwai,R-Fauland,A/Graz 1991
}) 8. Qe2 (8. Qd2 f5 9. Nc3 b5 10. O-O-O {1/2-1/2 Watson,W-Anand,V/Palma de
Mallorca GMA 1989}) (8. Bd3 Nd7 9. Qe2 c5 10. dxc5 Qa5+ 11. Qd2 Qxd2+ 12. Nfxd2
Nxc5 13. Nxc5 Bxc5 $11 {Cohn,E-Swiderski,R/Wien 1908}) (8. g3 f5 9. Nc3 Bf6 10.
Bg2 c5 11. d5 Qb6 12. Rb1 O-O 13. O-O Rd8 14. Re1 $6 Nc6 15. Qc1 Nd4 $13 {
Glek,I-Short,N/ICC-0.05(+5s/z) 2000/[IG]}) 8... b5 9. g3 Bb7 10. Bg2 Bd5 (10...
Nd7 11. O-O O-O 12. Rfd1 $5 (12. Rad1 $6 Bd5 13. Rfe1 Kh8 14. Nfd2 (14. a3 c6
15. Nc3 f5 16. Ne5 Nxe5 17. dxe5 $14 {[%cal Ge2e3,Gc3e2,Ge2f4]}) 14... c6 15.
c4 bxc4 16. Nxc4 a5 $5 $132 {Polgar,J-Morozevich,A/Corus 2000}) 12... Bd5 13.
c3 f5 14. Ned2 c5 15. dxc5 Nxc5 16. Nf1 {[%cal Gf1e3,Gd1d8]} (16. c4 $6 Bb7 17.
Nb3 Qb6 18. Nxc5 Bxc5 19. Ne5 Bxg2 20. Kxg2 Bd4 $11 {Glek,I-Schlosser,P/
Deizisau e.V. 2000}) 16... Qc7 17. Rxd5 $5 exd5 18. Ne3 $44 {[%csl Rd5,Rf5]
[%cal Gf3d4] Kasparov,G-Gurevich,M/Sarajevo 2000/CBM 77}) 11. c3 (11. Nc3 c6
12. O-O-O (12. Nxd5 $5 cxd5 13. c3 Nc6 (13... O-O) 14. a4 O-O 15. O-O $14 {
Lutz,C-Morozevich,A/Frankfurt 1999/CBM 72}) 12... Nd7 13. Kb1 Nb6 14. Rhe1 $14
{Leko,P-Morozevich,A/Frankfurt-West Masters 1999}) (11. Ned2 Nd7 (11... c5 $6
12. dxc5 Bxc5 13. O-O-O $1 $36 Ra7 14. Nb3 Be7 15. Nh4 Rd7 16. f4 Bxg2 17. Nxg2
Nc6 18. f5 $16 {Glek,I-Pähtz,T/Deizisau op 2000}) 12. O-O O-O 13. Rfd1 Nb6 $146
14. c3 Na4 $6 15. Nf1 c6 16. Ne3 Qa5 $6 17. Qc2 Rac8 18. a3 $1 Rfd8 19. b3 $1
$16 {Glek,I-Volkov,S/Korinthos 2000/EXT 2001}) 11... Nd7 12. b3 $5 {Preparing
castle kingside.} O-O 13. O-O f5 14. Ned2 c5 15. c4 Bc6 (15... bxc4 16. bxc4
Bb7 17. d5 exd5 18. Qd3 $1 $36) 16. Rad1 Rc8 $6 {Permitting white to
breakthrough in the cente, which cuts black position inot pieces. Necessary was
} (16... cxd4 17. Nxd4 Bxg2 18. Kxg2 Bf6 19. N2f3 bxc4 20. bxc4 $14 {with
slightly better prospects for white.}) 17. d5 $1 exd5 18. Qd3 $1 $14 bxc4 (
18... dxc4 19. bxc4 f4 20. Qf5 fxg3 21. hxg3 Qb6 22. Ne4 $36 {[%cal Gf3g5]})
19. bxc4 Ba4 (19... d4 20. Qxf5 Nf6 21. Ne5 Bxg2 22. Kxg2 Qc7 23. Ndf3 $14) 20.
Rb1 dxc4 $6 21. Qxf5 {Now white initiative becomes extremly dangerous.} Rc6 22.
Nxc4 Rf6 23. Qh5 Rg6 24. Rfe1 Bf6 (24... Nf6 25. Qe5 Re8 26. Ne3 Bf8 27. Qf4
$14) 25. Ne3 Bc3 26. Rec1 Bd4 27. Nf5 $16 Qf6 (27... Bh8 28. N3h4 Rg5 29. Nh6+
Kg7 30. N4f5+ Kf6 31. Qh4 $18) 28. N5xd4 cxd4 29. Qd5 (29. Rb4 $5 Bc6 30. Nxd4
Bxg2 31. Kxg2 Qg5 32. Qxg5 Rxg5 33. Rc7 $18) 29... Bc6 30. Qxd4 $1 Bxf3 31.
Qxd7 Bxg2 32. Kxg2 h5 33. Rb3 Qf4 34. Re3 h4 35. Rc6 $1 $18 {Techinque is
probably the strongest side of young ukrainian, so all morozevich's desperate
attempts to save the game fail.} hxg3 36. hxg3 Qh6 (36... Rg7 37. Rxa6 $18) 37.
Rec3 {[%csl Ra6]} (37. Rc4 $5) 37... Qh7 38. Rxg6+ (38. Rc8 $5 Rh6 39. Qg4+ Qg6
40. Rxf8+ Kxf8 41. Rc8+ Kg7 42. Qxg6+ Rxg6 43. Ra8 $18) 38... fxg6 39. Rc7 $1 (
39. Qxh7+ Kxh7 40. Rc7+ Kh6 {[%csl Gh6]}) 39... Qxd7 40. Rxd7 Rf6 41. a4 Kf8
42. Ra7 Ke8 43. f4 {[%cal Gg2h3,Gh3g4,Gg4g5]} g5 44. fxg5 Rg6 45. Kf3 Rxg5 46.
Rxa6 Kf7 47. Rc6 $1 Rd5 48. Rc4 Rd1 49. g4 Kf6 50. Ke4 Ke6 (50... Kg5 51. Ke5
Rd2 52. Rd4 Rc2 53. Kd5 $18) 51. Rc6+ Kd7 52. Rc5 Kd6 53. Rb5 Kc6 54. Rf5 Kd6
55. a5 Ra1 56. Kf4 Ke6 57. Kg5 Ra4 58. a6 Ke7 59. Rf6 Rxg4+ 60. Kxg4 1-0

[Event "FIDE-Wch k.o."]
[Site "Groningen"]
[Date "1997.12.10"]
[Round "1.5"]
[White "Christiansen, Larry Mark"]
[Black "Andersson, Ulf"]
[Result "1/2-1/2"]
[WhiteElo "2550"]
[BlackElo "2640"]
[Annotator "Finkel,A"]
[PlyCount "122"]
[EventDate "1997.12.09"]
[EventType "k.o."]
[EventRounds "7"]
[EventCountry "NED"]
[SourceTitle "CBM 063"]
[Source "ChessBase"]
[SourceDate "1998.03.26"]
[SourceVersion "1"]
[SourceVersionDate "1998.03.26"]
[SourceQuality "1"]

1. e4 e6 2. d4 d5 3. Nc3 Nf6 4. Bg5 dxe4 5. Nxe4 Be7 6. Bxf6 gxf6 7. Nf3 b6 8.
Bc4 (8. g3 $5 {Finkel,A} Bb7 9. Qe2 Qd5 10. Ned2 Nc6 11. c3 O-O-O 12. Bg2 Qh5
13. O-O e5 $132 {Heller,F-Andersson,U/Haninge/1989/ (18)}) (8. c4 $5 {Finkel,A}
) 8... Bb7 9. Qe2 c6 10. O-O-O Qc7 11. Kb1 (11. Rhe1 {Finkel,A} Nd7 12. Nc3 $5
{/\ 13.d5!?}) 11... Nd7 12. Rhe1 O-O-O 13. Ba6 Bxa6 (13... Rhe8 $5 {Finkel,A}
14. Bxb7+ Kxb7 15. c4 $6 Nf8 16. Qc2 f5 17. Nc3 Bf6 18. Re3 Re7 $11 {[%csl Rd4]
0,5/Kortchnoj,V-Andersson,U/Reykjavik/1988/ (25)}) 14. Qxa6+ Kb8 15. Qe2 (15.
g3 {Finkel,A} f5 16. Ned2 Bf6 (16... h5 {Finkel,A} 17. Qe2 h4 18. Nc4 $5 hxg3
19. hxg3 Bf6 20. Rd3 b5 21. Ncd2 Nb6 22. Rc1 $1 $14 {Almasi,Z-Andersson,U/
Ubeda 1997 (81)}) 17. Qe2 c5 18. c3 $5 cxd4 19. cxd4 $1 Rc8 20. Rc1 Qb7 21. Nc4
Qd5 22. Nfe5 Nxe5 23. dxe5 Be7 24. Red1 $36 {Sokolov,A-Andersson,U/Bar 1997 
(52)}) (15. a3 $5 {Finkel,A} Rhg8 16. g3 f5 17. Ned2 h5 18. Qe2 h4 19. Nc4 hxg3
20. hxg3 f4 $5 $13 {Pritchett,C-Berg,K/BL 1986 (39)}) 15... Rhg8 (15... Rhe8 {
Finkel,A} 16. c4 $6 (16. a3 $5 Bf8 17. c4 h6 18. Nc3 f5 19. d5 $1 Bg7 20. Nd4
$14 Bxd4 21. Rxd4 Nf6 22. Qd2 cxd5 23. cxd5 e5 24. Rh4 h5 (24... Qc5 25. Rxh6
Nxd5 26. Nxd5 Rxd5 27. Qc2 $1 $16) 25. Qg5 Nxd5 26. Nxd5 Rxd5 27. Qxf5 $14 {
Hellers,F-Andersson,U/Eksjo m 1993 (46)}) (16. c3 Bf8 17. g3 h6 18. Ned2 Bg7
19. Nc4 f5 20. a4 $5 Nf6 21. Nfe5 Re7 $132 {Christiansen,L-Andersson,U/FIDE
WCh KO 1997/1/2-1/2 (64)}) (16. g3 Nf8 17. c3 f5 18. Ned2 Ng6 19. Nc4 Bf6 {
1/2-1/2 De la Riva,O-Magem Badals,J/ch-ESP, Torrevieja 1997} (19... c5 $6 20.
Rd2 cxd4 21. Nxd4 Rc8 22. Ne3 Qb7 23. Nec2 a6 24. Red1 $14 {Leko,P-Andersson,U/
It, Ubeda ESP 1997 (41)})) (16. Qe3 f5 17. Neg5 Bxg5 18. Nxg5 Re7 19. Qh3 $6
Qf4 20. Nf3 Qg4 $1 $11 {Isaev-Zueger/32nd Chess Olympiad, Yerevan 1996 (30)})
16... Nf8 17. g3 Ng6 18. Nc3 Bb4 19. Qc2 Re7 20. a3 Bxc3 21. Qxc3 Red7 $11 {
Gallagher,J-Zueger,B/Biel Credis 1996 (28)}) (15... Rdg8 $5 16. g3 f5 17. Ned2
h5 18. Nc4 h4 19. Nfe5 Nxe5 20. Nxe5 Bf6 $11 {Kraut,R-Knaak,R/BL 1996 (41)})
16. g3 f5 17. Ned2 Bf6 (17... h5 {Finkel,A} 18. Nc4 h4 19. Rd3 (19. Nfe5 $6
Nxe5 20. Nxe5 Bf6 21. Qf3 Bxe5 22. dxe5 Rd5 23. Rxd5 cxd5 24. Qd3 Rh8 $15 {
0-1 Ravinsky,G-Chistiakov,A/Moscow sf 1955 (40)}) 19... hxg3 20. hxg3 Rh8 21.
a3 Bf6 22. Red1 b5 23. Ne3 $14 {Klovans,J-Chistiakov,A/URS-ch35 Kharkov 1967/
0-1 (51)}) (17... Rg4 $5 18. Nc4 Bf6 19. Ne3 Rgg8 20. Ng2 $5 Nf8 21. Nf4 Ng6
22. Nh5 Bh8 23. Qe3 $14 {Polgar,J-Pytel,K/Royan op 1988/0-1 (64)}) 18. c3 (18.
Nc4 Bh8 $5 19. Nfe5 Nf6 20. Rd3 Ka8 21. Red1 $14 {Ovetchkin,R-Volkov,S/Russian
Cup Stage 1998/0-1 (67)}) 18... c5 19. Nc4 cxd4 20. Nxd4 (20. cxd4 $5 {[%csl
Rd7][%cal Gf3e5]} Rg4 $1 21. Rc1 Re4 22. Qf1 Qb7 $6 (22... Rxe1 23. Qxe1 Rc8
24. Nfe5 Bxe5 25. Nxe5 Qxc1+ 26. Qxc1 Rxc1+ 27. Kxc1 Nxe5 28. dxe5 Kc7 $11) 23.
Red1 $1 {[%csl Rd6,Re4]} Nf8 24. Nce5 $14) 20... Nc5 21. f3 $5 {On one hand
this move is very logical,because the controle over the square e4 is quiet
important,but it has also clear drawback:the pawns structure on the kingside
is seriously weakened and black gets an opportunity to create a counterplay.}
a6 $5 22. Ne3 b5 23. Nec2 Kb7 24. Rd2 ({Nothing promises to white} 24. c4 $5
bxc4 (24... b4 $5 $13) 25. Qxc4 Rd6 26. Rd2 Rgd8 27. Red1 Rb6 $132 {with
counterplay.}) 24... Na4 $6 25. Red1 Nb6 26. Rd3 Rd7 27. g4 $6 {Deciding to
open up the position,while serious attention deserved} (27. f4 $1 {[%csl Rb7]
[%cal Ge2h5,Ge2f3,Gc2b4]} Bg7 (27... Rgd8 28. Qf3+ Kc8 29. Nb4 Bxd4 30. cxd4
$16) 28. Nb4 Nd5 $6 29. Nb3 $1 Rgd8 30. Nxd5 Rxd5 31. Rxd5 exd5 32. Qh5 $18)
27... fxg4 28. fxg4 Bxd4 29. Rxd4 ({It was better to keep the rooks on the
board by} 29. Nxd4 $14 {[%csl Rh7][%cal Gd3h3]}) 29... Rxd4 30. Rxd4 Rd8 $5 (
30... h5 $5 31. gxh5 Rg1+ 32. Rd1 (32. Ne1 Nd5 $1 $13 {[%cal Gg1h1]}) 32...
Rxd1+ 33. Qxd1 Qxh2 34. Qf3+ Kb8 35. b3 $14) 31. Qe4+ Kc8 32. Qxh7 Rxd4 33.
Nxd4 (33. cxd4 $5 Qf4 34. b3 Nd5 35. Kb2 f6 $14 {[%csl Rc2]}) 33... Qf4 $1 $44
{Counterplay against white king fully compensates black for the lack of pawn.}
34. Qg8+ $6 Kd7 35. Qh7 Qf2 36. Kc1 Qf1+ 37. Kc2 Nc4 $5 (37... Qf2+ $5 38. Kb3
$6 (38. Kc1 $11) 38... Nc4 39. Nc2 (39. Qc2 Nd2+ 40. Kb4 Qxh2 $15) 39... Nd2+
40. Kb4 Qf4+ $36) 38. Qd3 $1 {The arising endgame is almost equal and the draw
is not far away.} Qxd3+ (38... Qf2+ $6 39. Ne2+ Ke7 40. h3 $14) 39. Kxd3 Nxb2+
40. Ke4 Na4 (40... Nd1 $6 41. Ne2 Nf2+ 42. Kf3 Nd3 43. h4 $14) 41. Ne2 Nc5+ 42.
Kd4 Kd6 43. h4 e5+ 44. Ke3 Ke6 45. Ng3 Na4 46. Kd2 $1 (46. Ne4 f5 47. gxf5+
Kxf5 48. h5 Nb6 49. Nd6+ Ke6 (49... Kg5 50. Ke4 Nd7 51. Nf7+ Kf6 (51... Kxh5 $2
52. Nxe5 Nxe5 53. Kxe5 Kg5 54. Kd5 Kf4 55. Kc5 Ke4 56. Kb6 Kd3 57. Kxa6 Kxc3
58. Kxb5 $18) 52. Nd8 Kg5 $11) 50. h6 Nd5+ 51. Kd2 Nf6 52. Nb7 Kf5 53. Nc5 Kg6
$11) 46... Nc5 47. h5 Kf6 48. Ke3 Kg7 49. g5 Ne6 50. Ne4 $6 ({Missing the
possibility to fight for the advantage} 50. Nf5+ $1 Kh7 51. Ke4 Nxg5+ 52. Kxe5
$14) 50... Nf4 $1 51. h6+ Kg6 52. Kf3 Nd5 53. Kg4 a5 54. a3 b4 55. cxb4 axb4
56. axb4 Nxb4 57. Nc5 f6 58. gxf6 Nd5 59. f7 Nf6+ 60. Kf3 Kxf7 61. Ne4 Nxe4
1/2-1/2

[Event "FIDE-Wch k.o."]
[Site "Groningen"]
[Date "1997.12.10"]
[Round "1.3"]
[White "Christiansen, Larry Mark"]
[Black "Andersson, Ulf"]
[Result "1/2-1/2"]
[WhiteElo "2550"]
[BlackElo "2640"]
[Annotator "Finkel,A"]
[PlyCount "128"]
[EventDate "1997.12.09"]
[EventType "k.o."]
[EventRounds "7"]
[EventCountry "NED"]
[SourceTitle "CBM 063"]
[Source "ChessBase"]
[SourceDate "1998.03.26"]
[SourceVersion "1"]
[SourceVersionDate "1998.03.26"]
[SourceQuality "1"]

1. e4 e6 2. d4 d5 3. Nc3 Nf6 4. Bg5 dxe4 5. Nxe4 Be7 6. Bxf6 gxf6 7. Nf3 b6 8.
Bc4 (8. g3 $5 {Finkel,A} Bb7 9. Qe2 Qd5 10. Ned2 Nc6 11. c3 O-O-O 12. Bg2 Qh5
13. O-O e5 $132 {Heller,F-Andersson,U/Haninge/1989/ (18)}) (8. c4 $5 {Finkel,A}
) 8... Bb7 9. Qe2 c6 10. O-O-O Qc7 11. Kb1 (11. Rhe1 {Finkel,A} Nd7 12. Nc3 $5
{/\ 13.d5!?}) 11... Nd7 12. Rhe1 O-O-O 13. Ba6 Bxa6 (13... Rhe8 $5 {Finkel,A}
14. Bxb7+ Kxb7 15. c4 $6 Nf8 16. Qc2 f5 17. Nc3 Bf6 18. Re3 Re7 $11 {[%csl Rd4]
0,5/Kortchnoj,V-Andersson,U/Reykjavik/1988/ (25)}) 14. Qxa6+ Kb8 15. Qe2 (15.
g3 {Finkel,A} f5 (15... Rhg8 {Finkel,A} 16. Qe2 f5 17. Ned2 h5 (17... Bf6 18.
Nc4 (18. c3 c5 19. Nc4 cxd4 20. Nxd4 Nc5 21. f3 a6 22. Ne3 b5 23. Nec2 Kb7 $13
{Christiansen,L-Andersson,U/FIDE WCh KO, Groningen NED (1.5) 1997/1/2-1/2 (61)}
) 18... Bh8 $5 19. Nfe5 Nf6 20. Rd3 Ka8 21. Red1 $14 {Ovetchkin,R-Volkov,S/
Russian Cup Stage 1998/0-1 (67)}) (17... Rg4 $5 18. Nc4 Bf6 19. Ne3 Rgg8 20.
Ng2 $5 Nf8 21. Nf4 Ng6 22. Nh5 Bh8 23. Qe3 $14 {Polgar,J-Pytel,K/Royan op 1988/
0-1 (64)}) 18. Nc4 h4 19. Rd3 (19. Nfe5 $6 Nxe5 20. Nxe5 Bf6 21. Qf3 Bxe5 22.
dxe5 Rd5 23. Rxd5 cxd5 24. Qd3 Rh8 $15 {0-1 Ravinsky,G-Chistiakov,A/Moscow sf
1955 (40)}) 19... hxg3 20. hxg3 Rh8 21. a3 Bf6 22. Red1 b5 23. Ne3 $14 {
Klovans,J-Chistiakov,A/URS-ch35 Kharkov 1967/0-1 (51)}) 16. Ned2 Bf6 (16... h5
{Finkel,A} 17. Qe2 h4 18. Nc4 $5 hxg3 19. hxg3 Bf6 20. Rd3 b5 21. Ncd2 Nb6 22.
Rc1 $1 $14 {Almasi,Z-Andersson,U/Ubeda 1997 (81)}) 17. Qe2 c5 18. c3 $5 cxd4
19. cxd4 $1 Rc8 20. Rc1 Qb7 21. Nc4 Qd5 22. Nfe5 Nxe5 $6 23. dxe5 Be7 24. Red1
$36 {Sokolov,A-Andersson,U/Bar 1997 (52)}) (15. a3 $5 {Finkel,A} Rhg8 16. g3 f5
17. Ned2 h5 18. Qe2 h4 19. Nc4 hxg3 20. hxg3 f4 $5 $13 {Pritchett,C-Berg,K/BL
1986 (39)}) 15... Rhe8 (15... Rhg8 $5) (15... Rdg8 $5 16. g3 f5 17. Ned2 h5 18.
Nc4 h4 19. Nfe5 Nxe5 20. Nxe5 Bf6 $11 {Kraut,R-Knaak,R/BL 1996 (41)}) 16. c3 (
16. c4 $6 {Finkel,A} Nf8 17. g3 Ng6 18. Nc3 Bb4 19. Qc2 Re7 20. a3 Bxc3 21.
Qxc3 Red7 $11 {Gallagher,J-Zueger,B/Biel Credis 1996 (28)}) (16. a3 $5 Bf8 17.
c4 h6 18. Nc3 f5 19. d5 $1 Bg7 20. Nd4 $14 Bxd4 21. Rxd4 Nf6 22. Qd2 cxd5 23.
cxd5 e5 24. Rh4 h5 (24... Qc5 25. Rxh6 Nxd5 26. Nxd5 Rxd5 27. Qc2 $1 $16) 25.
Qg5 Nxd5 26. Nxd5 Rxd5 27. Qxf5 $14 {Hellers,F-Andersson,U/Eksjo m 1993 (46)})
(16. g3 Nf8 17. c3 f5 18. Ned2 Ng6 19. Nc4 Bf6 {1/2-1/2 De la Riva,O-Magem
Badals,J/ch-ESP, Torrevieja 1997} (19... c5 $6 20. Rd2 cxd4 21. Nxd4 Rc8 22.
Ne3 Qb7 23. Nec2 a6 24. Red1 $14 {Leko,P-Andersson,U/It, Ubeda ESP 1997 (41)}))
(16. Qe3 f5 17. Neg5 Bxg5 18. Nxg5 Re7 19. Qh3 $6 Qf4 20. Nf3 Qg4 $1 $11 {
Isaev-Zueger/32nd Chess Olympiad, Yerevan 1996 (30)}) 16... Bf8 17. g3 h6 $5 {
Taking under controle square g5 and intending to play f5 in the nearest future.
} 18. Ned2 Bg7 19. Nc4 f5 20. a4 $5 {Preventing b5,Nb6-d5 with initiative.} Nf6
21. Nfe5 Re7 22. Qc2 Ka8 (22... c5 $2 23. dxc5 Rxd1+ 24. Rxd1 Qxc5 25. b4 $1
Qc7 26. Rd8+ Qxd8 (26... Kb7 27. Nd6+ $18) 27. Nc6+ $18) 23. f3 Nd5 24. Nd3 c5
25. dxc5 bxc5 26. Nf4 (26. f4 $5 Rb8 27. Nde5 $14 {[%cal Gc4e3]}) 26... Nb6 $1
(26... Nxf4 27. Rxd8+ Qxd8 28. gxf4 Qd5 29. Qe2 Rd7 30. Rg1 $1 $14 Bf6 31. Rg8+
Rd8 32. Rxd8+ Bxd8 33. Ne5 f6 34. Qa6 $36) 27. Nxb6+ axb6 28. Qe2 Red7 29. Ng2
{[%csl Gc4][%cal Gg2e3,Ge3c4]} Qc6 30. a5 $6 {Strange decision,which could
cost white a game!White simply gives up a pawn getting no real compensation
for it against such a famous expert of endgame as Andersson,but the life is
full of surprises and from now on the game consists of mutual mistakes!} (30.
Qa6+ Kb8 31. Ne3 Rxd1+ 32. Rxd1 Rxd1+ 33. Nxd1 Kc7 34. Qa7+ Qb7 35. Qxb7+ Kxb7
36. Ne3 Kc6 37. Kc2 $11) 30... bxa5 $15 31. Ne3 Ka7 32. Rxd7+ Rxd7 33. Rd1
Rxd1+ 34. Qxd1 Be5 $1 35. Qe2 Bc7 36. Nc2 {[%cal Gc2a3,Ga3b5]} f4 $5 37. g4 Qa6
$2 {Black loses a thread and after a couple of moves finds himself deep in the
troubles.Much better was} (37... Kb7 $1 $17 {[%cal Gb7c8,Gc8d7,Gd7e7] with
good chances to win the game.}) 38. c4 Qc6 39. Na3 Kb7 40. Nb5 Qd7 41. Kc2 $44
Qc6 42. h4 f6 $2 {Another dubios move with quiet distractive consequances.} 43.
Qd3 Kb6 44. Qh7 $1 $16 {[%csl Rb6]} Bb8 45. Qh8 Kb7 ({Nothing changes} 45...
Be5 46. Qd8+ Ka6 47. Qe7 Bb8 48. Qxf6 Qxf3 49. Qxe6+ Kb7 50. Nc3 $16) 46. Qg7+
Kb6 47. Qxf6 Qxf3 48. Qxe6+ Kb7 49. Nc3 Qg2+ 50. Kb3 Qc6 51. Qf7+ Qc7 52. Qf5
Qb6+ (52... Qe5 53. Qh7+ Bc7 54. Nd5 f3 55. Qf7 $1 $18) 53. Kc2 Qd6 54. Ne4 (
54. Nd5 $1) 54... Qd4 55. Qd5+ $2 {Painful blunder in easily wining position.
After natural} (55. Nxc5+ Kc6 (55... Kb6 56. Na4+ Kc6 57. Qb5+ Kc7 58. Qxa5+
$18) 56. Qc8+ Kd6 (56... Bc7 $2 57. Qxc7+ $1 Kxc7 58. Ne6+ $18) 57. Nd3 $5 (57.
Na6 $1 Ba7 58. Qd8+ Ke6 (58... Kc6 $2 59. Qc7#) 59. Nc7+ $1 Kf7 60. Qe8+ Kf6
61. Qf8+ Kg6 62. Qf5+ $18) 57... Bc7 58. Qa6+ Ke7 59. Qc6 $18 {black's chanses
of survival are slim!}) 55... Qxd5 56. cxd5 c4 $1 $11 57. g5 {White gets
nothing also after} (57. Kc3 Be5+ 58. Kxc4 Bxb2 59. Kb5 Bd4 60. g5 hxg5 61.
hxg5 f3 62. g6 Kc7 63. Kxa5 f2 64. Nxf2 Kd6 $11) 57... hxg5 58. hxg5 f3 59. g6
Be5 60. d6 Kc6 61. b3 cxb3+ 62. Kxb3 f2 63. Nxf2 Kxd6 64. Ng4 Bg7 1/2-1/2